[Event "Gibraltar Challengers B 2020"]
[Site "Caleta"]
[Date "2020.01.25"]
[Round "1.40"]
[White "Lee, Alexandre KM"]
[Black "Lung, Liviu-Catalin"]
[Result "0-1"]
[WhiteElo "1557"]
[BlackElo "2041"]
[Annotator "NA RC"]
[PlyCount "112"]
[EventDate "2020.01.20"]
[EventType "swiss"]
[EventCountry "GGB"]
[SourceTitle "playchess.com"]
[Source "ChessBase"]
[SourceQuality "1"]
[TimeControl "6600+10"]

1. e4 {[%emt 0:00:00]} c6 {[%emt 0:00:53]} 2. d4 {[%emt 0:00:39]} g6 {[%emt 0:00:09]} 3. Nc3 {[%emt 0:01:21]} Bg7 {[%emt 0:00:10]} 4. h3 {[%emt 0:02:56]} d6 {[%emt 0:00:37]} 5. Nf3 {[%emt 0:01:39]} b5 {[%emt 0:00:49]} 6. Bd3 {[%emt 0:03:49]} b4 {[%emt 0:01:26] B06: Modern Defence} (6... Nd7 7. O-O Qc7 8. a4 b4 9. Ne2 Ngf6 10. Ng3 Bb7 11. Be3 c5 12. c3 c4 13. Bb1 bxc3 14. bxc3 O-O {½-½ (64) Perunovic,M (2589)-Novikov,S (2531) Moscow 2019}) 7. Ne2 {[%emt 0:01:31]} Nf6 {[%emt 0:01:18]} 8. Be3 $146 {[%emt 0:01:45]} ({Predecessor:} 8. O-O Nbd7 9. a3 bxa3 10. Rxa3 O-O 11. c4 e5 12. dxe5 dxe5 {1-0 (49) Yuksel,A (2028)-Haman,J (2137) Istanbul 2012}) 8... O-O {[%emt 0:01:15]} 9. Qd2 {[%emt 0:00:59]} Na6 {[%emt 0:04:56]} (9... Nbd7 $14) 10. Ng3 {[%emt 0:04:33]} ({Better is} 10. Bh6 $16) 10... c5 {[%emt 0:02:47]} 11. Bxa6 {[%emt 0:05:12]} cxd4 {[%emt 0:01:33]} 12. Bxd4 {[%emt 0:05:49]} Bxa6 {[%emt 0:00:21]} 13. Qxb4 {[%emt 0:02:11]} Qc7 {[%emt 0:02:56]} 14. Qc3 {[%emt 0:10:06]} Qb7 {[%emt 0:01:00]} 15. Qe3 {[%emt 0:20:29]} Rfc8 {[%emt 0:03:04]} 16. Bc3 {[%emt 0:04:17]} Nd7 {[%emt 0:15:14]} (16... d5 $17 17. e5 {[#]} d4 $1 {[%mdl 512]} 18. Bxd4 (18. Qxd4 Nd5 $17) 18... Nd5) 17. Bxg7 {[%emt 0:14:28]} Kxg7 {[%emt 0:00:26]} 18. O-O-O {[%emt 0:01:55]} Rab8 {[%emt 0:00:58]} 19. b3 {[%emt 0:02:31]} Qc7 $1 {[%emt 0:02:35]} 20. Rd2 {[%emt 0:03:16] [#]} Qa5 $1 {[%emt 0:04:03]} 21. Kb2 {[%emt 0:04:23] [#]} Nb6 $1 {[%emt 0:05:06]} 22. Ka1 $1 {[%emt 0:05:40] [#]} Qa3 {[%emt 0:07:08]} (22... Rc3 $1 $17 {[%cal Rc3e3]} 23. Qd4+ Kg8) 23. c4 {[%emt 0:05:06]} Nd7 {[%emt 0:06:21]} 24. Qc3+ {[%emt 0:01:27]} Kg8 {[%emt 0:00:14]} 25. Qb2 {[%emt 0:01:07]} Qa5 $1 {[%emt 0:00:41]} 26. Rd5 {[%emt 0:00:30]} (26. Qc2 $15) 26... Qb6 {[%emt 0:04:56]} (26... Nc5 $17 27. Nd2 Bb7) 27. Qd4 {[%emt 0:01:14]} ({White should play} 27. Rb1 $11) 27... Nc5 {[%emt 0:00:46]} 28. Nd2 {[%emt 0:01:19]} (28. Rb1 $1 $15) 28... Bb7 {[%emt 0:01:10]} 29. Rg5 {[%emt 0:00:31]} e5 {[%emt 0:01:39]} 30. Qe3 {[%emt 0:00:21]} Ne6 {[%emt 0:09:15]} 31. Qxb6 {[%emt 0:00:33]} axb6 {[%emt 0:00:02]} 32. Rg4 {[%emt 0:00:08]} Kf8 {[%emt 0:00:12]} 33. Ne2 {[%emt 0:00:24]} b5 {[%emt 0:00:34]} 34. cxb5 {[%emt 0:00:24]} Rc2 {[%emt 0:00:07]} 35. Rd1 {[%emt 0:00:19]} d5 {[%emt 0:00:50]} 36. Kb1 {[%emt 0:00:28]} Rc5 {[%emt 0:00:22]} 37. a4 {[%emt 0:00:17]} d4 {[%emt 0:00:31]} 38. Rg3 {[%emt 0:00:40]} f5 {[%emt 0:00:31]} 39. exf5 {[%emt 0:00:20]} gxf5 {[%emt 0:00:07]} 40. Nc4 {[%emt 0:00:11]} f4 {[%emt 0:00:19]} 41. Rg4 {[%emt 0:00:17]} h5 {[%emt 0:00:35]} 42. Rh4 {[%emt 0:00:20]} Ng7 {[%emt 0:04:01]} 43. f3 $18 {[%emt 0:00:21]} Ke7 {[%emt 0:00:29]} 44. Nc1 {[%emt 0:00:21]} Bc8 {[%emt 0:00:55]} 45. Kb2 {[%emt 0:00:15]} Bf5 {[%emt 0:00:23]} 46. Ka3 {[%emt 0:00:16]} Kf6 {[%emt 0:00:06]} 47. Nd6 {[%emt 0:00:37]} Kg5 {[%emt 0:00:36]} 48. g3 {[%emt 0:00:15]} Rc3 {[%emt 0:01:04]} 49. Nf7+ {[%emt 0:00:19]} Kf6 {[%emt 0:00:10]} 50. Nd6 {[%emt 0:00:04]} Bc2 {[%emt 0:02:26]} 51. Rg1 {[%emt 0:00:16]} Ke6 {[%emt 0:06:52]} 52. Ne4 {[%emt 0:00:06]} Bxe4 {[%emt 0:00:52]} 53. fxe4 {[%emt 0:00:01]} f3 {[%emt 0:00:13]} 54. Rf1 {[%emt 0:00:31]} Rf8 {[%emt 0:00:49]} 55. Kb2 {[%emt 0:00:04]} f2 {[%emt 0:00:27]} 56. Ne2 {[%emt 0:00:13]} Re3 {[%emt 0:00:09]} 0-1

[Event "Gibraltar Challengers B 2020"]
[Site "Caleta"]
[Date "2020.01.25"]
[Round "1.42"]
[White "Li, Max J"]
[Black "Hladik, Lumir"]
[Result "0-1"]
[WhiteElo "2078"]
[BlackElo "2018"]
[Annotator "NA RC"]
[PlyCount "74"]
[EventDate "2020.01.20"]
[EventType "swiss"]
[EventCountry "GGB"]
[SourceTitle "playchess.com"]
[Source "ChessBase"]
[SourceQuality "1"]
[TimeControl "6600+10"]

{[%evp 10,74,43,32767,32767,32767,32767,-13,-8,-5,-13,-24,-25,-17,-20,-16,-20,32767,-37,32767,32767,32767,-79,-73,-74,-124,-123,-157,-146,-207,-245,-322,-333,-333,32767,-394,-362,-521,-309,32767,32767,32767,32767,-136,32767,-205,-203,-219,-212,32767,32767,-222,-252,-234,32767,32767,32767,32767,32767,32767,-430,-469,-492,32767,32767,-497,-602]} 1. e4 {[%emt 0:00:01]} c6 {[%emt 0:00:03]} 2. d4 {[%emt 0:00:09]} d5 {[%emt 0:00:08]} 3. exd5 {[%emt 0:00:46]} cxd5 {[%emt 0:00:11]} 4. Nf3 {[%emt 0:00:50]} Nc6 {[%emt 0:00:46]} 5. Bb5 {[%emt 0:00:20]} a6 {[%emt 0:01:45]} (5... Bg4 6. c4 Nf6 7. Nc3 g6 8. h3 Bxf3 9. Qxf3 a6 10. cxd5 Nxd5 11. Qxd5 axb5 12. Qxb5 Bg7 13. Qxb7 Nxd4 {1-0 (63) Carlsen,M (2872)-Savchenko,B (2577) Moscow 2019}) 6. Ba4 {[%emt 0:01:59] B13: Caro-Kann: Exchange Variation and Panov-Botvinnik Attack} b5 {[%emt 0:01:37]} 7. Bb3 {[%emt 0:00:10]} Bg4 {[%emt 0:01:05]} 8. c3 {[%emt 0:03:38]} Nf6 {[%emt 0:00:52]} 9. h3 {[%emt 0:03:03]} Bh5 {[%emt 0:00:42]} 10. Bf4 {[%emt 0:00:23]} e6 {[%emt 0:00:35]} 11. Nbd2 {[%emt 0:02:39]} Bd6 {[%emt 0:01:40]} 12. Bxd6 {[%emt 0:03:34]} Qxd6 {[%emt 0:00:11]} 13. a4 $146 {[%emt 0:02:15]} ({Predecessor:} 13. O-O) 13... O-O {[%emt 0:01:32]} 14. O-O {[%emt 0:00:46]} b4 {[%emt 0:03:47]} 15. Qc1 {[%emt 0:07:07]} Na5 {[%emt 0:05:38]} 16. Ne5 {[%emt 0:12:16]} Rfc8 {[%emt 0:02:00]} 17. Qc2 {[%emt 0:11:30]} ({White should play} 17. Bc2 $15) 17... Rab8 {[%emt 0:05:47]} 18. Rac1 {[%emt 0:12:06]} Qb6 {[%emt 0:05:22]} 19. c4 {[%emt 0:09:41]} Qxd4 {[%emt 0:00:48]} 20. Ndf3 {[%emt 0:00:38]} (20. Rfe1 {was the only chance.}) 20... Bxf3 {[%emt 0:05:39]} 21. Nxf3 {[%emt 0:00:10]} Qe4 {[%emt 0:01:22]} 22. Nd2 {[%emt 0:03:43]} (22. c5 {might work better.}) 22... Qxc2 {[%emt 0:00:50]} 23. Rxc2 {[%emt 0:00:15]} Nxb3 {[%emt 0:00:23]} 24. Nxb3 {[%emt 0:00:12]} dxc4 {[%emt 0:00:33]} 25. Rfc1 {[%emt 0:00:15]} c3 {[%emt 0:07:38]} 26. bxc3 {[%emt 0:01:49]} h6 {[%emt 0:02:58]} 27. c4 {[%emt 0:01:51]} (27. Nd2 $17) 27... Ne4 {[%emt 0:00:20]} 28. c5 {[%emt 0:00:20]} Nc3 {[%emt 0:00:43]} 29. a5 {[%emt 0:04:16]} Rd8 {[%emt 0:01:02]} 30. Kf1 {[%emt 0:03:42]} Rd5 {[%emt 0:03:57]} 31. Rd2 {[%emt 0:04:48]} Rbd8 {[%emt 0:02:16]} 32. Rxd5 {[%emt 0:02:26]} Rxd5 {[%emt 0:01:46]} 33. f3 {[%emt 0:02:07]} Kf8 {[%emt 0:00:29]} 34. Rc2 {[%emt 0:03:06]} Ke8 {[%emt 0:01:04]} 35. Rd2 {[%emt 0:00:44]} Rxd2 {[%emt 0:00:29]} 36. Nxd2 {[%emt 0:00:07]} Kd7 {[%emt 0:00:15]} 37. Ke1 $19 {[%emt 0:05:31]} Kc6 {[%emt 0:00:57]} 0-1

[Event "Gibraltar Challengers B 2020"]
[Site "Caleta"]
[Date "2020.01.26"]
[Round "2.1"]
[White "Severijnen, Arjon"]
[Black "Oragwu, Chukwunonso"]
[Result "0-1"]
[WhiteElo "2120"]
[BlackElo "2220"]
[Annotator "NA"]
[PlyCount "142"]
[EventDate "2020.01.20"]
[EventType "swiss"]
[EventCountry "GGB"]
[SourceTitle "playchess.com"]
[Source "ChessBase"]
[SourceQuality "1"]
[TimeControl "6600+10"]

1. e4 {[%emt 0:00:00]} c5 {[%emt 0:00:38]} 2. Nf3 {[%emt 0:00:08]} Nc6 {[%emt 0:00:08]} 3. d4 {[%emt 0:00:10]} cxd4 {[%emt 0:00:05]} 4. Nxd4 {[%emt 0:00:05]} g6 {[%emt 0:00:04]} 5. Nc3 {[%emt 0:00:22]} Bg7 {[%emt 0:00:05]} 6. Be3 {[%emt 0:00:18]} Nf6 {[%emt 0:00:04]} 7. Bc4 {[%emt 0:00:41]} Qa5 {[%emt 0:00:06]} 8. O-O {[%emt 0:01:04]} O-O {[%emt 0:00:06]} 9. h3 {[%emt 0:03:02]} d6 {[%emt 0:00:57]} 10. Re1 {[%emt 0:02:06]} Bd7 {[%emt 0:00:45]} 11. Bb3 {[%emt 0:04:01]} Rac8 {[%emt 0:01:43]} 12. Nd5 {[%emt 0:05:15]} Nxd5 {[%emt 0:03:12]} 13. exd5 {[%emt 0:02:52]} Ne5 {[%emt 0:00:25]} 14. c3 {[%emt 0:12:55] B35: Sicilian: Accelerated Dragon with 5 Nc3: main line} (14. Qe2 Qc7 15. c3 {Predecessor:} Rfe8 16. a4 (16. Nb5 Bxb5 17. Qxb5 a6 18. Qb6 Qxb6 19. Bxb6 Nc4 20. Bxc4 Rxc4 21. Re2 Bf6 22. Rc1 Rec8 23. Rce1 Kf8 24. Kf1 h5 25. Re4 Rxe4 {½-½ (25) Lehaci,M (1906)-Sgircea,S (2198) Olanesti 2018}) 16... Nc4 17. Nb5 Bxb5 18. axb5 Nxe3 19. Qxe3 b6 20. Ra4 Qd7 21. Qe2 Rc5 {1-0 (53) McClymont,B (2360)-Winkelman,A (2212) Sydney 2019}) 14... Rfe8 {[%emt 0:02:20]} 15. Qe2 {[%emt 0:09:31]} Ba4 $146 {[%emt 0:05:42]} 16. Bxa4 {[%emt 0:06:56]} Qxa4 {[%emt 0:00:30]} 17. b3 {[%emt 0:00:14]} Qa5 {[%emt 0:01:27]} 18. c4 {[%emt 0:00:43]} a6 {[%emt 0:02:53]} 19. Rac1 {[%emt 0:02:59]} h6 {[%emt 0:03:42] [#]} 20. a4 {[%emt 0:02:47]} (20. f4 $1 $16) 20... Nd7 {[%emt 0:00:14]} 21. Rb1 {[%emt 0:03:09]} Qc7 {[%emt 0:00:10]} 22. Qd2 {[%emt 0:01:26]} Kh7 {[%emt 0:00:07]} 23. f4 {[%emt 0:00:51]} e5 {[%emt 0:01:42]} 24. dxe6 {[%emt 0:04:36]} fxe6 {[%emt 0:00:11]} 25. Ne2 {[%emt 0:01:32]} Rcd8 {[%emt 0:01:24]} 26. Ng3 {[%emt 0:02:29]} Nf6 {[%emt 0:01:19]} 27. a5 {[%emt 0:02:18]} Qf7 {[%emt 0:01:35]} 28. Bb6 {[%emt 0:01:12]} Rd7 {[%emt 0:00:05]} 29. Qc2 {[%emt 0:03:28]} d5 {[%emt 0:02:35]} 30. Rbd1 {[%emt 0:01:02]} h5 {[%emt 0:00:54]} 31. Bd4 {[%emt 0:06:11]} h4 {[%emt 0:03:18]} 32. Bxf6 {[%emt 0:05:44]} Bxf6 {[%emt 0:00:13]} 33. Nf1 $11 {[%emt 0:00:25]} Bd8 {[%emt 0:08:03]} 34. Qc3 {[%emt 0:05:44]} Rf8 {[%emt 0:12:57]} 35. Rd3 {[%emt 0:06:30]} dxc4 {[%emt 0:04:08]} 36. Rxd7 {[%emt 0:00:58]} Qxd7 {[%emt 0:00:03]} 37. Qxc4 {[%emt 0:00:16]} Rf6 {[%emt 0:03:12]} 38. b4 {[%emt 0:01:20]} Qd5 {[%emt 0:03:23]} 39. Re4 {[%emt 0:01:08]} Qxc4 {[%emt 0:01:15]} 40. Rxc4 {[%emt 0:00:05]} Rf7 {[%emt 0:00:24]} 41. Nd2 {[%emt 0:05:25]} Bc7 {[%emt 0:00:17]} 42. Nf3 {[%emt 0:01:26]} Bxf4 {[%emt 0:00:14]} 43. Nxh4 {[%emt 0:00:06]} g5 {[%emt 0:06:02]} 44. Nf3 {[%emt 0:00:04]} Kg6 {[%emt 0:00:18]} 45. Kf2 {[%emt 0:01:02]} Rc7 {[%emt 0:04:04]} 46. Rxc7 {[%emt 0:00:46]} Bxc7 {[%emt 0:00:02]} 47. Nd4 {[%emt 0:00:11]} Kf6 {[%emt 0:01:42]} 48. Ke3 {[%emt 0:00:26]} Bd6 {[%emt 0:00:50]} 49. Nc2 {[%emt 0:01:39]} Ke5 {[%emt 0:00:50]} 50. g3 {[%emt 0:00:31]} Be7 {[%emt 0:00:24]} 51. Kd3 {[%emt 0:00:03]} Bf8 {[%emt 0:00:57]} 52. Ke3 {[%emt 0:00:17]} Bd6 {[%emt 0:02:00]} 53. Kd3 {[%emt 0:00:08]} Kf6 {[%emt 0:00:36]} 54. g4 {[%emt 0:00:11]} Ke5 {[%emt 0:00:12]} 55. Ke3 {[%emt 0:00:01]} Kd5 {[%emt 0:02:07]} 56. Kd3 {[%emt 0:00:01]} Bf4 {[%emt 0:00:57]} 57. b5 {[%emt 0:00:28]} axb5 {[%emt 0:00:29]} 58. Nb4+ {[%emt 0:00:04]} Kc5 {[%emt 0:00:44]} 59. a6 {[%emt 0:00:01]} bxa6 {[%emt 0:00:08]} 60. Nxa6+ {[%emt 0:00:01]} Kb6 {[%emt 0:01:00]} 61. Nb4 {[%emt 0:00:01]} Bd6 {[%emt 0:00:11]} 62. Nc2 {[%emt 0:00:08]} Bc5 {[%emt 0:02:01]} 63. Ke4 {[%emt 0:00:46]} Kc6 {[%emt 0:00:16]} 64. Ke5 {[%emt 0:00:06]} Kd7 {[%emt 0:00:06]} 65. Kf6 {[%emt 0:00:02]} Be7+ {[%emt 0:00:20]} 66. Ke5 {[%emt 0:00:05]} b4 {[%emt 0:00:24]} 67. Nd4 {[%emt 0:00:26]} Bd6+ {[%emt 0:01:01]} 68. Kf6 {[%emt 0:00:10]} e5 {[%emt 0:00:14]} 69. Nb3 {[%emt 0:00:10]} e4 {[%emt 0:00:25]} 70. Kxg5 {[%emt 0:00:04]} e3 {[%emt 0:01:36]} 71. Nc1 {[%emt 0:00:14]} b3 {[%emt 0:00:51]} 0-1

[Event "Gibraltar Challengers B 2020"]
[Site "Caleta"]
[Date "2020.01.26"]
[Round "2.2"]
[White "Havik, Victor"]
[Black "Enkhtuul, Altan-Ulzii"]
[Result "0-1"]
[WhiteElo "2101"]
[BlackElo "2200"]
[Annotator "NA"]
[PlyCount "168"]
[EventDate "2020.01.20"]
[EventType "swiss"]
[EventCountry "GGB"]
[SourceTitle "playchess.com"]
[Source "ChessBase"]
[SourceQuality "1"]
[TimeControl "6600+10"]

1. Nf3 {[%emt 0:02:57]} Nf6 {[%emt 0:06:17]} 2. c4 {[%emt 0:00:17]} g6 {[%emt 0:00:19]} 3. Nc3 {[%emt 0:00:28]} d5 {[%emt 0:00:23]} 4. cxd5 {[%emt 0:02:30]} Nxd5 {[%emt 0:00:10]} 5. e4 {[%emt 0:00:33]} Nb6 {[%emt 0:02:21]} 6. d4 {[%emt 0:02:20]} Bg4 {[%emt 0:00:30]} 7. Be3 {[%emt 0:00:54]} Bg7 {[%emt 0:00:10]} 8. Bb5+ {[%emt 0:01:31] D70: Grünfeld: Unusual White 3rd moves (met by ...d5)} c6 {[%emt 0:00:30]} 9. Be2 {[%emt 0:00:07]} O-O {[%emt 0:00:45]} 10. Rc1 {[%emt 0:17:03]} (10. O-O N8d7 11. e5 Rc8 12. Ng5 Bxe2 13. Qxe2 h6 14. Nge4 Nd5 15. Rad1 Nxe3 16. Qxe3 Nb6 17. e6 f5 18. Nc5 {0-1 (50) Yermolinsky,A (2516)-Durarbayli,V (2624) Saint Louis 2014}) 10... N8d7 {[%emt 0:00:47]} 11. e5 $146 {[%emt 0:07:32]} ({Predecessor:} 11. O-O e5 12. d5 cxd5 13. Nxd5 Nxd5 14. Qxd5 Nf6 15. Qxe5 Re8 {½-½ (31) Fodor,T (2422)-Farkas,G (2333) Hungary 2008}) 11... Kh8 {[%emt 0:05:37]} 12. h3 {[%emt 0:00:20]} Bxf3 {[%emt 0:00:15]} 13. gxf3 {[%emt 0:00:02]} f5 {[%emt 0:06:32]} 14. Qd2 {[%emt 0:01:12]} ({Better is} 14. f4 $14) 14... Rc8 {[%emt 0:07:52]} 15. b4 {[%emt 0:03:32]} ({White should try} 15. h4 $16) 15... Qe8 {[%emt 0:10:08]} 16. h4 {[%emt 0:03:18]} Rd8 {[%emt 0:00:49]} 17. f4 {[%emt 0:01:30]} h5 {[%emt 0:09:33]} 18. Rg1 {[%emt 0:05:08]} Rg8 {[%emt 0:00:26]} 19. a4 {[%emt 0:13:10]} Nf8 {[%emt 0:01:58]} (19... a6 $14) 20. a5 $16 {[%emt 0:00:52]} Nc8 {[%emt 0:00:07]} 21. Bc4 {[%emt 0:00:13]} e6 {[%emt 0:00:06]} 22. Be2 {[%emt 0:00:27]} Ne7 {[%emt 0:08:26]} 23. Qb2 {[%emt 0:06:09]} a6 {[%emt 0:01:22]} 24. Na4 {[%emt 0:00:48]} Nd5 {[%emt 0:00:11]} 25. Nc5 {[%emt 0:00:24]} Qe7 {[%emt 0:00:26]} 26. Rh1 {[%emt 0:00:26]} Bh6 {[%emt 0:00:11]} 27. Qd2 {[%emt 0:00:06]} Rb8 {[%emt 0:02:58]} 28. Bf3 {[%emt 0:04:09]} Kh7 {[%emt 0:04:27]} 29. Be2 {[%emt 0:01:49]} Nd7 {[%emt 0:01:24]} 30. Bd3 {[%emt 0:04:54]} Bf8 {[%emt 0:04:17]} 31. Ke2 {[%emt 0:00:35]} Bh6 {[%emt 0:03:41]} 32. Kf3 {[%emt 0:01:00]} Rgd8 {[%emt 0:01:41]} 33. Kg3 {[%emt 0:01:05]} Nxc5 {[%emt 0:05:09]} 34. bxc5 {[%emt 0:00:20]} Rd7 {[%emt 0:00:18]} 35. Rcd1 {[%emt 0:04:54]} Rbd8 {[%emt 0:00:40]} 36. Bc4 {[%emt 0:06:25]} Nc7 {[%emt 0:06:10]} 37. Qa2 {[%emt 0:02:20]} Re8 {[%emt 0:00:24]} 38. Rd3 {[%emt 0:01:19]} Nb5 {[%emt 0:01:04]} 39. Rhd1 {[%emt 0:00:37]} Bf8 {[%emt 0:01:08]} 40. Qb3 {[%emt 0:02:56]} Rdd8 {[%emt 0:02:08]} 41. Kh3 {[%emt 0:00:19]} Bh6 {[%emt 0:03:32]} 42. Rg1 {[%emt 0:00:35]} Qf7 {[%emt 0:02:54]} 43. Rg3 {[%emt 0:01:06]} Re7 {[%emt 0:00:20]} 44. Rd1 {[%emt 0:00:08]} Rg8 {[%emt 0:02:17]} 45. Rdg1 {[%emt 0:00:40]} Qe8 {[%emt 0:01:43]} 46. R3g2 {[%emt 0:03:11]} Qd7 {[%emt 0:00:55]} 47. Qb2 {[%emt 0:01:18]} Qd8 {[%emt 0:00:23]} 48. Be2 {[%emt 0:00:52]} Rgg7 {[%emt 0:00:16]} 49. Qb4 {[%emt 0:00:25]} Rd7 {[%emt 0:00:24]} 50. Rd1 {[%emt 0:00:24]} Rde7 {[%emt 0:01:25]} 51. Rgg1 {[%emt 0:00:24]} Qd5 {[%emt 0:00:24]} 52. Kg3 {[%emt 0:01:01]} Qd8 {[%emt 0:01:12]} 53. Bc4 {[%emt 0:00:15]} Re8 {[%emt 0:00:22]} 54. Rd3 {[%emt 0:00:17]} Rd7 {[%emt 0:00:10]} 55. Rgd1 {[%emt 0:00:19]} Bf8 {[%emt 0:00:30]} 56. Qb3 {[%emt 0:00:24]} Rde7 {[%emt 0:00:11]} 57. Qa2 {[%emt 0:00:10]} Nc7 {[%emt 0:00:11]} 58. Rb1 {[%emt 0:00:11]} Nb5 {[%emt 0:00:15]} 59. Rbd1 {[%emt 0:00:03]} Qc8 {[%emt 0:00:18]} 60. Kh3 {[%emt 0:00:11]} Nc7 {[%emt 0:00:06]} 61. Rb1 {[%emt 0:00:08]} Nb5 {[%emt 0:00:10]} 62. Rbd1 {[%emt 0:00:03]} Bh6 {[%emt 0:00:04]} 63. Kg3 {[%emt 0:00:03]} Rd8 {[%emt 0:00:04]} 64. Kf3 {[%emt 0:00:25]} Qd7 {[%emt 0:00:05]} 65. Kg3 {[%emt 0:00:34]} Rde8 {[%emt 0:00:05]} 66. Bxb5 {[%emt 0:00:13]} axb5 {[%emt 0:00:05]} 67. a6 {[%emt 0:00:01]} bxa6 {[%emt 0:00:09]} 68. Qxa6 {[%emt 0:00:01]} Qd5 {[%emt 0:00:01]} 69. Ra1 {[%emt 0:00:14]} Qe4 {[%emt 0:00:12]} 70. Rda3 {[%emt 0:00:06]} Rd8 {[%emt 0:00:10]} 71. Qb6 {[%emt 0:00:14]} Rxd4 {[%emt 0:00:15]} 72. Ra7 {[%emt 0:00:03]} Bxf4+ {[%emt 0:00:03]} 73. Bxf4 {[%emt 0:00:01]} Qxf4+ {[%emt 0:00:01]} 74. Kg2 {[%emt 0:00:01]} Qe4+ {[%emt 0:00:06]} 75. Kf1 {[%emt 0:00:03]} Qd3+ {[%emt 0:00:13]} 76. Kg2 {[%emt 0:00:05]} Rdd7 {[%emt 0:00:04]} 77. Rxd7 {[%emt 0:00:08]} Qxd7 {[%emt 0:00:01]} 78. Ra8 {[%emt 0:00:02]} Qd5+ {[%emt 0:00:04]} 79. Kg1 {[%emt 0:00:06]} Qd1+ {[%emt 0:00:49]} 80. Kg2 {[%emt 0:00:02]} Qg4+ {[%emt 0:00:05]} 81. Kf1 {[%emt 0:00:01]} Rd7 {[%emt 0:00:08]} 82. Ra7 {[%emt 0:00:01]} Qh3+ {[%emt 0:00:10]} 83. Ke2 {[%emt 0:00:03]} Qd3+ {[%emt 0:00:03]} 84. Ke1 {[%emt 0:00:03]} Qd1# {[%emt 0:00:01]} 0-1

[Event "Gibraltar Challengers B 2020"]
[Site "Caleta"]
[Date "2020.01.26"]
[Round "2.3"]
[White "Yanev, Pavel"]
[Black "Bengherabi, Khalil"]
[Result "1-0"]
[WhiteElo "2200"]
[BlackElo "2106"]
[Annotator "NA"]
[PlyCount "65"]
[EventDate "2020.01.20"]
[EventType "swiss"]
[EventCountry "GGB"]
[SourceTitle "playchess.com"]
[Source "ChessBase"]
[SourceQuality "1"]
[TimeControl "6600+10"]

1. Nf3 {[%emt 0:01:02]} c5 {[%emt 0:00:14]} 2. b3 {[%emt 0:01:36]} d5 {[%emt 0:08:53]} 3. e3 {[%emt 0:02:45]} Nf6 {[%emt 0:00:38]} 4. Bb2 {[%emt 0:00:58]} e6 {[%emt 0:04:49]} 5. d4 {[%emt 0:04:04]} Nbd7 {[%emt 0:04:01]} 6. Nbd2 {[%emt 0:02:16]} b6 {[%emt 0:00:31]} 7. Bd3 {[%emt 0:04:56]} Bb7 {[%emt 0:00:03]} 8. O-O {[%emt 0:01:28]} Be7 {[%emt 0:00:29]} 9. Ne5 {[%emt 0:05:24]} O-O {[%emt 0:00:23]} 10. Qf3 {[%emt 0:03:54]} cxd4 {[%emt 0:37:54]} 11. exd4 {[%emt 0:04:25]} Bb4 {[%emt 0:00:10]} 12. c3 {[%emt 0:07:55]} Bd6 {[%emt 0:01:31]} 13. Qe2 $14 {[%emt 0:02:12]} Qe7 {[%emt 0:06:00]} 14. a4 {[%emt 0:06:43]} a6 {[%emt 0:01:01]} 15. f4 {[%emt 0:13:36]} Rfe8 {[%emt 0:01:10]} 16. Rae1 {[%emt 0:01:50]} Nf8 {[%emt 0:00:21]} 17. g4 {[%emt 0:05:06]} N6d7 {[%emt 0:00:16]} 18. g5 {[%emt 0:02:12]} f5 {[%emt 0:13:07]} 19. gxf6 {[%emt 0:05:31]} gxf6 {[%emt 0:00:28]} 20. Qh5 {[%emt 0:07:50]} fxe5 {[%emt 0:17:54]} 21. fxe5 {[%emt 0:00:58]} Nxe5 {[%emt 0:00:28]} 22. dxe5 {[%emt 0:01:52]} Bc5+ {[%emt 0:00:46]} 23. Kg2 {[%emt 0:08:49]} d4+ {[%emt 0:04:31]} 24. Ne4 {[%emt 0:00:30]} dxc3 {[%emt 0:00:35]} 25. Bc1 {[%emt 0:03:56]} Qg7+ {[%emt 0:06:17]} 26. Kh3 {[%emt 0:01:29]} Rad8 {[%emt 0:00:19]} 27. Bc2 {[%emt 0:02:05]} Bxe4 {[%emt 0:00:58]} 28. Rxe4 {[%emt 0:01:26]} Kh8 {[%emt 0:00:32]} 29. Rg4 {[%emt 0:01:05]} Qc7 {[%emt 0:00:09]} 30. Bg5 {[%emt 0:01:57]} Be7 {[%emt 0:00:20]} 31. Rxf8+ {[%emt 0:00:34]} Bxf8 {[%emt 0:00:01]} 32. Bf6+ {[%emt 0:00:08]} Bg7 {[%emt 0:00:03]} 33. Qxh7# {[%emt 0:00:10]} 1-0